The Quarry Characters - Statistics

General Stats
  • This quiz has been taken 81 times
  • The average score is 15 of 18
Answer Stats
Type Character % Correct
Protagonist Emma Mountebank
97%
Protagonist Dylan Lenivy
95%
Protagonist Jacob Custos
95%
Protagonist Abigail Blyg
93%
Protagonist Ryan Erzahler
93%
Protagonist Max Brinly
92%
Protagonist Nick Furcillo
92%
Supporting Character Chris Hackett
90%
Protagonist Laura Kearny
88%
Supporting Character Travis Hackett
88%
Supporting Character Bobby Hackett
78%
Protagonist Kaitlyn Ka
76%
Supporting Character Caleb Hackett
75%
Supporting Character Silas Vorez
75%
Supporting Character Kaylee Hackett
71%
Supporting Character Constance Hackett
59%
Supporting Character Eliza Vorez
58%
Supporting Character Jedediah Hackett
58%
No matching quizzes found
Score Distribution
Percent of People with Each Score
Percentile by Number Answered
Your Score History
You have not taken this quiz